Statistics for Brick wall country flags

Click here to take the quiz!

General Stats

  • This quiz has been taken 22 times
  • The average score is 20 of 24

Answer Stats

Answer% Correct
India
100%
Japan
100%
Ukraine
100%
Belarus
90%
Georgia
90%
New Zealand
90%
Indonesia
86%
Moldova
86%
Panama
86%
Sri Lanka
86%
Tajikistan
86%
Uruguay
86%
Angola
81%
Bolivia
81%
Central African Republic
81%
Costa Rica
81%
Kyrgyzstan
81%
Sudan
81%
Trinidad and Tobago
81%
Armenia
76%
Comoros
76%
Oman
76%
Equatorial guinea
67%
Namibia
67%

Score Distribution

Percentile by Number Answered

Percent of People with Each Score

Your Score History

You have not taken this quiz